000 00312pam a2200145 a 4500
020 _c
041 _aeng
082 _bCHA
100 _aChatwal GR .
245 _aComputers in Chemistry VOL I
_hTextual Documents
250 _a1998.
260 _aNew Delhi :
_bAnmol .
300 _a344 pg .
930 _a12244
999 _c89147
_d89147